[Event "Paris FRA"]
[Site "?"]
[Date "2005.07.12"]
[Round "4"]
[White "Fressinet Laurent"]
[Black "David Alberto"]
[Result "1/2-1/2"]
[WhiteElo "2627"]
[BlackElo "2579"]
[PlyCount "42"]
[EventDate "2005.??.??"]
[Source "www.chesslib.no"]
[SourceDate "2004.05.04"]

1. e4 e6 2. d4 d5 3. Nc3 Bb4 4. e5 c5 5. Qg4 Ne7 6. Nf3 cxd4 7. Nxd4 O-O 8. Bd3 Ng6 9. Bxg6 fxg6 10. O-O Bxc3 11. bxc3 Qa5 12. a4 Bd7 13. Ba3 Rf7 14. Nb5 Bxb5 15. axb5 Rf5 16. c4 Qa4 17. Bc5 Qxc2 18. Rfc1 Qb3 19. Rab1 Qa2 20. Ra1 Qb3 21. Rab1 Qa2 1/2-1/2

[Event "Moscow (ol)"]
[Site "?"]
[Date "1994.??.??"]
[Round "?"]
[White "Leko, P."]
[Black "Hertneck, G."]
[Result "1/2-1/2"]
[WhiteElo "2555"]
[BlackElo "2605"]
[PlyCount "213"]
[EventDate "1994.??.??"]
[Source "ChessBase"]
[SourceDate "1994.10.01"]

1. e4 e6 2. d4 d5 3. Nc3 Bb4 4. e5 c5 5. Qg4 Ne7 6. dxc5 Nbc6 7. Bd2 Nf5 8. Nf3 Bxc5 9. Bd3 h5 10. Qf4 Nce7 11. Nh4 d4 12. Na4 Nd5 13. Qe4 Bb4 14. Nxf5 Bxd2+ 15. Kxd2 exf5 16. Qxd4 Qg5+ 17. Ke2 Nf4+ 18. Ke1 Bd7 19. g3 Ne6 20. Qb4 O-O-O 21. Nc5 Bc6 22. Nxe6 fxe6 23. h4 Qg4 24. Qxg4 fxg4 25. Rf1 Rhf8 26. Ke2 Rd5 27. Rae1 Rxe5+ 28. Kd2 Rxe1 29. Kxe1 Bf3 30. Kd2 Kd7 31. Ke3 e5 32. Rc1 Ke6 33. b4 b6 34. c4 Bc6 35. Be2 Bf3 36. c5 Bxe2 37. Kxe2 Rb8 38. c6 b5 39. Ke3 Kd6 40. Ke4 Kc7 41. Rc5 Rf8 42. Rxb5 Rxf2 43. Rb7+ Kxc6 44. Rxa7 Rf3 45. a4 Rxg3 46. b5+ Kc5 47. Rc7+ Kb4 48. b6 Rb3 49. Rc8 Ka3 50. a5 g3 51. Rc1 g2 52. Kd5 Ka4 53. a6 Rxb6 54. a7 Ra6 55. Ra1+ Kb5 56. Rb1+ Ka4 57. Ra1+ Kb5 58. Rxa6 g1=Q 59. a8=Q Qg2+ 60. Ke6 Qg6+ 61. Kxe5 Qg3+ 62. Ke6 Qg6+ 63. Ke7 Qxa6 64. Qd5+ Kb4 65. Qxh5 Qf6+ 66. Ke8 g6 67. Qg5 Qh8+ 68. Kf7 Qh7+ 69. Kf6 Kc3 70. Qe3+ Kc4 71. Qe2+ Kb3 72. Kg5 Qg7 73. Qd3+ Kb2 74. Qb5+ Kc2 75. Qc6+ Kd1 76. Qd6+ Ke2 77. Qf6 Qh7 78. Qxg6 Qe7+ 79. Qf6 Qe3+ 80. Kg6 Qe4+ 81. Kh6 Qe3+ 82. Kg7 Qg3+ 83. Kf8 Qg4 84. Kf7 Ke3 85. Qe5+ Kf2 86. h5 Qd7+ 87. Kg6 Kg2 88. h6 Qd3+ 89. Qf5 Qd6+ 90. Qf6 Qd3+ 91. Kg7 Qd7+ 92. Kg8 Qe8+ 93. Kh7 Kh3 94. Kg7 Qd7+ 95. Kf8 Qc8+ 96. Kf7 Qd7+ 97. Kf8 Qc8+ 98. Ke7 Qc7+ 99. Ke6 Qc6+ 100. Kf5 Qc2+ 101. Ke5 Qc3+ 102. Ke6 Qc4+ 103. Kd6 Qb4+ 104. Kd7 Qb7+ 105. Ke8 Qc8+ 106. Ke7 Qc7+ 107. Kf8 1/2-1/2

[Event "Mind Sports Games - Blitz Ind"]
[Site "Pechino CINA"]
[Date "2008.10.04"]
[Round "3"]
[White "Friedel, J."]
[Black "Socko, B."]
[Result "0-1"]
[WhiteElo "2498"]
[BlackElo "2631"]
[PlyCount "82"]
[EventDate "2008.10.04"]
[Source "www.chesslib.no"]
[SourceDate "2004.05.04"]

1. e4 e6 2. d4 d5 3. Nc3 Bb4 4. e5 c5 5. Qg4 Ne7 6. Nf3 cxd4 7. Nxd4 O-O 8. Bd3 f5 9. exf6 Rxf6 10. Qh4 e5 11. Qxh7+ Kf8 12. Nf3 e4 13. Qh8+ Ng8 14. Ng5 Bf5 15. Qh4 Bxc3+ 16. bxc3 exd3 17. Ba3+ Ke8 18. O-O d2 19. Qh8 Kd7 20. Qxg7+ Kc6 21. Rad1 Rg6 22. Qd4 Qxg5 23. Qc5+ Kd7 24. Qxd5+ Kc7 25. Rxd2 Nc6 26. Bd6+ Kc8 27. Bg3 Nge7 28. h4 Nxd5 29. hxg5 Nxc3 30. Re1 Ne4 31. Rd5 Nxg3 32. Re8+ Kc7 33. Rxa8 Be6 34. Rd3 Ne4 35. f4 Nd6 36. Rf8 Rg7 37. Re3 Bf5 38. Re5 Nxe5 39. fxe5 Nf7 40. g6 Bxg6 41. e6 Nd6 0-1

[Event "cr"]
[Site "?"]
[Date "1964.??.??"]
[Round "?"]
[White "Coolen"]
[Black "Altschul"]
[Result "1-0"]
[WhiteElo "2560"]
[BlackElo "2560"]
[PlyCount "35"]
[EventDate "1964.??.??"]
[Source "www.chesslib.no"]
[SourceDate "2004.05.04"]

1. e4 e6 2. d4 d5 3. Nc3 Bb4 4. e5 c5 5. Qg4 Ne7 6. dxc5 Nbc6 7. Bd2 Qc7 8. Nf3 O-O 9. Bd3 f5 10. exf6 Rxf6 11. O-O-O e5 12. Qh5 Bf5 13. Bg5 Rff8 14. Bxe7 Nxe7 15. Nxd5 Nxd5 16. Bxf5 Nf6 17. Qh4 Bxc5 18. Ng5 1-0

[Event "Leon"]
[Site "?"]
[Date "1994.??.??"]
[Round "7"]
[White "De la Villa, J."]
[Black "Beliavsky, A."]
[Result "1-0"]
[WhiteElo "2470"]
[BlackElo "2650"]
[PlyCount "97"]
[EventDate "1994.??.??"]
[Source "www.chesslib.no"]
[SourceDate "2004.05.04"]

1. e4 e6 2. d4 d5 3. Nc3 Bb4 4. e5 c5 5. Qg4 Ne7 6. dxc5 Nbc6 7. Bd2 O-O 8. O-O-O Nf5 9. Nf3 Bxc5 10. Bd3 f6 11. Bxf5 exf5 12. Qg3 fxe5 13. Nxe5 Be6 14. Nd3 Bd4 15. Nb5 Rc8 16. Nf4 Be5 17. Nxe6 Qf6 18. Nf4 a6 19. Nc3 Qf7 20. Rhe1 Rfd8 21. Kb1 b5 22. Nce2 a5 23. Qd3 a4 24. g3 b4 25. h4 g6 26. Ng1 Bh8 27. Nf3 Qf6 28. Bc1 b3 29. axb3 Nb4 30. Qd4 Qc6 31. Qd2 axb3 32. cxb3 d4 33. Ne5 Bxe5 34. Rxe5 d3 35. Qxb4 Qc2+ 36. Ka2 Qxd1 37. Bd2 Rc2 38. Bc3 Rc8 39. Rc5 Ra8+ 40. Ra5 Rc8 41. Rc5 Ra8+ 42. Ra5 Rc8 43. Nd5 Rc1 44. Nf6+ Kh8 45. Ng4+ R1xc3 46. Qd4+ Kg8 47. Nh6+ Kf8 48. Qf6+ Ke8 49. Qf7+ 1-0

[Event "Leningrad jr"]
[Site "?"]
[Date "1954.??.??"]
[Round "?"]
[White "Spassky, B."]
[Black "Melik"]
[Result "1-0"]
[WhiteElo "2560"]
[BlackElo "2560"]
[PlyCount "43"]
[EventDate "1954.??.??"]
[Source "www.chesslib.no"]
[SourceDate "2004.05.04"]

1. e4 e6 2. d4 d5 3. Nc3 Bb4 4. e5 c5 5. Qg4 Ne7 6. dxc5 Bxc3+ 7. bxc3 O-O 8. Nf3 Nbc6 9. Bd3 Ng6 10. Qh5 Nce7 11. h4 Qa5 12. O-O Bd7 13. Qg4 Bb5 14. h5 Bxd3 15. cxd3 Qxc3 16. hxg6 Qxa1 17. gxh7+ Kh8 18. Bg5 Qxf1+ 19. Kxf1 Nf5 20. Bf6 Rac8 21. Nd4 gxf6 22. exf6 1-0

[Event "USSR corres"]
[Site "?"]
[Date "1961.??.??"]
[Round "?"]
[White "Estrin, Y."]
[Black "Sokolsky, A."]
[Result "1-0"]
[WhiteElo "2560"]
[BlackElo "2560"]
[PlyCount "73"]
[EventDate "1961.??.??"]
[Source "www.chesslib.no"]
[SourceDate "2004.05.04"]

1. e4 e6 2. d4 d5 3. Nc3 Bb4 4. e5 c5 5. Qg4 Ne7 6. dxc5 Bxc3+ 7. bxc3 Nd7 8. Nf3 Ng6 9. Bb5 O-O 10. Bxd7 Bxd7 11. O-O Qa5 12. Qb4 Qa4 13. Re1 Qxc2 14. Qxb7 Ba4 15. Be3 Qxc3 16. Rec1 Qa5 17. c6 Bb5 18. Rc5 Rab8 19. a4 Qa6 20. Rxb5 Rxb7 21. cxb7 Rb8 22. Rab1 f6 23. Bd4 Nf4 24. Kh1 Ne2 25. Ba1 Qxa4 26. exf6 d4 27. R5b4 Qd7 28. Ne5 Qc7 29. f7+ Kf8 30. f4 Nc3 31. R1b3 Nb5 32. Bb2 Qc2 33. h3 Nd6 34. Bxd4 a5 35. Rb6 Qc1+ 36. Bg1 Ne4 37. Rxe6 1-0

[Event "USSR"]
[Site "?"]
[Date "1933.??.??"]
[Round "?"]
[White "Chistiakov, A."]
[Black "Kagan"]
[Result "0-1"]
[WhiteElo "2560"]
[BlackElo "2560"]
[PlyCount "42"]
[EventDate "1933.??.??"]
[Source "www.chesslib.no"]
[SourceDate "2004.05.04"]

1. e4 e6 2. d4 d5 3. Nc3 Bb4 4. e5 c5 5. Qg4 Ne7 6. Nf3 Nbc6 7. Bd3 cxd4 8. Nxd4 Nxe5 9. Bb5+ Bd7 10. Qxg7 N5g6 11. Qf6 e5 12. Bxd7+ Qxd7 13. Nde2 d4 14. a3 Bxc3+ 15. bxc3 d3 16. cxd3 Qxd3 17. Ra2 Nd5 18. Qd6 Rd8 19. Qc5 Qd1+ 20. Kxd1 Ne3+ 21. Ke1 Rd1# 0-1

[Event "Vienna"]
[Site "?"]
[Date "1959.??.??"]
[Round "?"]
[White "Duckstein, A."]
[Black "Uhlmann, W."]
[Result "0-1"]
[WhiteElo "2560"]
[BlackElo "2560"]
[PlyCount "80"]
[EventDate "1959.??.??"]
[Source "www.chesslib.no"]
[SourceDate "2004.05.04"]

1. e4 e6 2. d4 d5 3. Nc3 Bb4 4. e5 c5 5. Qg4 Ne7 6. dxc5 Bxc3+ 7. bxc3 Ng6 8. Nf3 Nd7 9. Bb5 O-O 10. Bxd7 Bxd7 11. O-O Qa5 12. Qb4 Qa4 13. Rb1 Qxa2 14. Qxb7 Bc6 15. Qb3 Qa5 16. Qb4 Qc7 17. Qd4 Rfb8 18. Rb3 Bb5 19. Re1 a5 20. Ba3 Ne7 21. Reb1 Nc6 22. Qe3 Ba4 23. Rxb8+ Rxb8 24. Rc1 Rb7 25. Qf4 Bb5 26. Re1 Bc4 27. Nd2 Qb8 28. h4 Ba6 29. h5 h6 30. Re3 Kh8 31. Bc1 Rd7 32. Kh2 d4 33. Rg3 dxc3 34. Nf3 Qb4 35. Qe3 Ne7 36. c6 Rd1 37. Qa7 Rxc1 38. Qxa6 Qb1 39. Rh3 Rh1+ 40. Kg3 Nf5+ 0-1

[Event "E.Germany-ch"]
[Site "?"]
[Date "1963.??.??"]
[Round "?"]
[White "Pietzsch, W."]
[Black "Uhlmann, W."]
[Result "1/2-1/2"]
[WhiteElo "2560"]
[BlackElo "2560"]
[PlyCount "74"]
[EventDate "1963.??.??"]
[Source "www.chesslib.no"]
[SourceDate "2004.05.04"]

1. e4 e6 2. d4 d5 3. Nc3 Bb4 4. e5 c5 5. Qg4 Ne7 6. dxc5 Nbc6 7. Nf3 O-O 8. Bd2 f5 9. exf6 Rxf6 10. O-O-O e5 11. Qh5 Rf5 12. Qh4 Bxc3 13. bxc3 Qa5 14. Kb2 Ng6 15. Qg3 Qxc5 16. Nh4 Nxh4 17. Qxh4 Be6 18. f3 Rf6 19. Bd3 Bf5 20. Ka1 e4 21. fxe4 dxe4 22. Be2 e3 23. Bc1 Re8 24. Rd5 Qe7 25. Re1 Ne5 26. Bb5 Qf7 27. Red1 Bd7 28. Rxd7 Nxd7 29. Rxd7 Qg6 30. Bd3 Qh6 31. Qc4+ Kh8 32. Re7 Re6 33. Rxe6 Qxe6 34. Qxe6 Rxe6 35. Be2 Rf6 36. Bf3 Re6 37. Be2 Rf6 1/2-1/2

[Event "Kecskemet"]
[Site "?"]
[Date "1964.??.??"]
[Round "?"]
[White "Tringov, G."]
[Black "Clarke"]
[Result "1-0"]
[WhiteElo "2560"]
[BlackElo "2560"]
[PlyCount "71"]
[EventDate "1964.??.??"]
[Source "www.chesslib.no"]
[SourceDate "2004.05.04"]

1. e4 e6 2. d4 d5 3. Nc3 Bb4 4. e5 c5 5. Qg4 Ne7 6. dxc5 Nbc6 7. Bd2 Bxc5 8. Nf3 Ng6 9. Qg3 f6 10. Bd3 Kf7 11. exf6 gxf6 12. O-O-O e5 13. Be3 d4 14. Nh4 Nxh4 15. Qxh4 h5 16. Bc4+ Be6 17. Bxe6+ Kxe6 18. g4 Be7 19. gxh5 f5 20. Qh3 Qe8 21. Bxd4 Nxd4 22. Rhe1 Nc6 23. Qd3 Bg5+ 24. Kb1 Rd8 25. Qc4+ Kf6 26. h4 Bd2 27. Rg1 Bxc3 28. Rxd8 Nxd8 29. Rg6+ Qxg6 30. hxg6 Bd4 31. f4 Rxh4 32. fxe5+ Kxe5 33. c3 Ne6 34. cxd4+ Nxd4 35. Qc7+ Ke4 36. Qe7+ 1-0

[Event "AKN"]
[Site "Haarlem AKN"]
[Date "1993.??.??"]
[Round "6"]
[White "Kuijf, Marinus N"]
[Black "Vaganian, Rafael A"]
[Result "1/2-1/2"]
[WhiteElo "2445"]
[BlackElo "2615"]
[PlyCount "60"]
[EventDate "1993.??.??"]
[Source "www.chesslib.no"]
[SourceDate "2004.05.04"]

1. Nc3 d5 2. e4 e6 3. d4 Bb4 4. e5 c5 5. Qg4 Ne7 6. dxc5 Nbc6 7. Bd2 O-O 8. Nf3 Ng6 9. Qh5 Qc7 10. Nb5 Bxd2+ 11. Kxd2 Qa5+ 12. c3 Bd7 13. Nbd4 Nxd4 14. Nxd4 Qxc5 15. Bd3 b5 16. b4 Qc7 17. f4 a5 18. a3 Rfc8 19. Ne2 Ra6 20. Qf3 Qa7 21. Qe3 axb4 22. cxb4 Qxe3+ 23. Kxe3 Rca8 24. Rhc1 Rxa3 25. Rxa3 Rxa3 26. Rc7 Kf8 27. Nd4 f6 28. Nc2 Rb3 29. Nd4 fxe5 30. fxe5 Be8 1/2-1/2

[Event "Russia 87/284"]
[Site "?"]
[Date "2003.??.??"]
[Round "?"]
[White "Frolyanov, D."]
[Black "Ivanov, Se"]
[Result "1-0"]
[WhiteElo "2500"]
[BlackElo "2557"]
[PlyCount "95"]
[EventDate "2003.??.??"]
[Source "Chess Informant"]
[SourceDate "2003.02.01"]

1. e4 e6 2. d4 d5 3. Nc3 Bb4 4. e5 c5 5. Qg4 Ne7 6. dxc5 Nbc6 7. Bd2 O-O 8. O-O-O f5 9. exf6 Rxf6 10. Bd3 e5 11. Qh5 h6 12. g4 Bxc3 13. Bxc3 Be6 14. g5 Bf7 15. Qh3 hxg5 16. Nf3 Rh6 17. Qg3 Bh5 18. Nxe5 Bxd1 19. Rxd1 Qf8 20. Qxg5 Qf6 21. Qg3 Nxe5 22. Bxe5 Qf7 23. Rg1 g6 24. f4 Kh7 25. Qg5 Rg8 26. Bf6 Nf5 27. Bxf5 gxf5 28. Qxf5+ Rgg6 29. Rxg6 Qxg6 30. Qd7+ Kg8 31. Bd4 Qf7 32. Qd8+ Kh7 33. Be5 Rh5 34. b3 Kg6 35. Kb2 a6 36. Qb6+ Kf5 37. c6 bxc6 38. Qxa6 Qe8 39. Qd3+ Ke6 40. Qe3 Qg6 41. a4 Qe4 42. Qc5 Rxh2 43. Qxc6+ Ke7 44. Qc7+ Ke8 45. a5 d4 46. Qc4 Qf5 47. a6 d3 48. a7 1-0

[Event "Haarlem Open"]
[Site "Haarlem NED"]
[Date "1993.??.??"]
[Round "6"]
[White "Kuijf, Marinus N"]
[Black "Vaganian, Rafael A"]
[Result "1/2-1/2"]
[WhiteElo "2440"]
[BlackElo "2615"]
[PlyCount "70"]
[EventDate "1993.??.??"]
[Source "www.chesslib.no"]
[SourceDate "2004.05.04"]

1. Nc3 d5 2. e4 e6 3. d4 Bb4 4. e5 c5 5. Qg4 Ne7 6. dxc5 Nbc6 7. Bd2 O-O 8. Nf3 Ng6 9. Qh5 Qc7 10. Nb5 Bxd2+ 11. Kxd2 Qa5+ 12. c3 Bd7 13. Nbd4 Nxd4 14. Nxd4 Qxc5 15. Bd3 b5 16. b4 Qc7 17. f4 a5 18. a3 Rfc8 19. Ne2 Ra6 20. Qf3 Qa7 21. Qe3 axb4 22. cxb4 Qxe3+ 23. Kxe3 Rca8 24. Rhc1 Rxa3 25. Rxa3 Rxa3 26. Rc7 Nf8 27. Nd4 f6 28. Nc2 Rb3 29. Kd4 fxe5+ 30. fxe5 Be8 31. Rc3 Rb1 32. Rc8 Bg6 33. Bxg6 hxg6 34. Kc5 Rc1 35. Kxb5 d4 1/2-1/2

[Event "Wch U20"]
[Site "Zagan"]
[Date "1997.07.27"]
[Round "13"]
[White "Movsesian, Sergei"]
[Black "Shaked, Tal"]
[Result "1/2-1/2"]
[WhiteElo "2555"]
[BlackElo "2500"]
[PlyCount "27"]
[EventDate "1997.07.14"]
[Source "ChessBase"]
[SourceDate "1997.09.26"]

1. e4 e6 2. d4 d5 3. Nc3 Bb4 4. e5 c5 5. Qg4 Ne7 6. Nf3 cxd4 7. Nxd4 Ng6 8. Bd2 O-O 9. Nf3 Nc6 10. O-O-O f5 11. exf6 Qxf6 12. Kb1 e5 13. Qg3 Nf4 14. a3 1/2-1/2

[Event "Cappelle op 16th"]
[Site "Cappelle la Grande"]
[Date "2000.02.21"]
[Round "4"]
[White "Skripchenko Lautier, Almira"]
[Black "Socko, Bartosz"]
[Result "0-1"]
[WhiteElo "2444"]
[BlackElo "2556"]
[PlyCount "46"]
[EventDate "2000.02.19"]
[Source "ChessBase"]
[SourceDate "2000.03.10"]

1. e4 e6 2. d4 d5 3. Nc3 Bb4 4. e5 c5 5. Qg4 Ne7 6. Nf3 Nbc6 7. a3 Ba5 8. Qxg7 Rg8 9. Qxh7 cxd4 10. b4 Bc7 11. Nb5 a6 12. Nbxd4 Nxd4 13. Nxd4 Bxe5 14. c3 Qc7 15. Bd2 Bf6 16. Ne2 e5 17. Ng3 e4 18. Qh6 Bg5 19. Bb5+ axb5 20. Bxg5 Qxc3+ 21. Ke2 Bg4+ 22. f3 Ra6 23. Qh7 exf3+ 0-1

[Event "Novaya Ladoga"]
[Site "?"]
[Date "2002.??.??"]
[Round "2"]
[White "Ditiatev Sergey"]
[Black "Grechihin Valery"]
[Result "0-1"]
[WhiteElo "2435"]
[BlackElo "2564"]
[PlyCount "48"]
[EventDate "2002.??.??"]
[Source "www.chesslib.no"]
[SourceDate "2004.05.04"]

1. e4 e6 2. d4 d5 3. Nc3 Bb4 4. e5 c5 5. Qg4 Kf8 6. Nf3 Nc6 7. Bd2 cxd4 8. Nxd4 Ba5 9. Nf3 Bc7 10. Bf4 Nge7 11. Bd3 Ng6 12. Bxg6 hxg6 13. O-O-O Bd7 14. h4 Rh5 15. Rhe1 Ba5 16. Bd2 Rc8 17. Ng5 Qe7 18. Qf4 Nb4 19. g4 Rh8 20. Kb1 Rc4 21. Qf3 Nc6 22. Nxd5 exd5 23. Bxa5 Bxg4 24. Qxd5 Rc5 0-1

[Event "Pula op"]
[Site "Pula"]
[Date "2002.05.15"]
[Round "5"]
[White "Murey, Jacob"]
[Black "Cebalo, Miso"]
[Result "1/2-1/2"]
[WhiteElo "2472"]
[BlackElo "2515"]
[PlyCount "84"]
[EventDate "2002.05.12"]
[Source "ChessBase"]
[SourceDate "2002.07.08"]

1. e4 e6 2. d4 d5 3. Nc3 Bb4 4. e5 c5 5. Qg4 Ne7 6. Nf3 cxd4 7. Nxd4 Ng6 8. Bd3 O-O 9. Bxg6 fxg6 10. O-O Be7 11. Be3 Nc6 12. Nxc6 bxc6 13. Na4 Rb8 14. a3 Qa5 15. b3 c5 16. Nxc5 Qc3 17. Qd4 Qxc2 18. b4 Qf5 19. Rfc1 Bd8 20. Nb3 Bb6 21. Qc3 Bd7 22. Bxb6 axb6 23. Qe3 Rbc8 24. Nd4 Qh5 25. Nf3 Qh6 26. h3 Qxe3 27. fxe3 h6 28. Nd4 Kf7 29. Kf2 g5 30. Ke2 Ke7 31. Rxc8 Rxc8 32. a4 Rc4 33. a5 bxa5 34. bxa5 Rc7 35. Kd3 Kd8 36. a6 Ra7 37. Kc3 Kc7 38. Nb3 Bc8 39. Nc5 Kb6 40. Kd4 Rf7 41. Ra2 Ka7 42. Kc3 Rf5 1/2-1/2

[Event "JUG-Cup qual"]
[Site "Arandjelovac"]
[Date "1991.??.??"]
[Round "3"]
[White "Pavlovic, Milos"]
[Black "Drasko, Milan"]
[Result "1/2-1/2"]
[WhiteElo "2480"]
[BlackElo "2500"]
[PlyCount "26"]
[EventDate "1991.??.??"]
[Source "www.chesslib.no"]
[SourceDate "2004.05.04"]

1. e4 e6 2. d4 d5 3. Nc3 Bb4 4. e5 c5 5. Qg4 Ne7 6. Nf3 Nbc6 7. a3 Bxc3+ 8. bxc3 O-O 9. Qh5 f5 10. exf6 Rxf6 11. Bd3 h6 12. O-O c4 13. Be2 Bd7 1/2-1/2

[Event "Cattolica"]
[Site "Cattolica ITA"]
[Date "1993.??.??"]
[Round "6"]
[White "Zelcic, Robert"]
[Black "Komarov, Dimitri"]
[Result "0-1"]
[WhiteElo "2450"]
[BlackElo "2525"]
[PlyCount "94"]
[EventDate "1993.05.??"]
[Source "www.chesslib.no"]
[SourceDate "2004.05.04"]

1. e4 e6 2. d4 d5 3. Nc3 Bb4 4. e5 c5 5. Qg4 Ne7 6. Nf3 cxd4 7. Bb5+ Bd7 8. Nxd4 O-O 9. Bd3 Ng6 10. Bxg6 fxg6 11. Bd2 Bc5 12. Be3 Qc7 13. f4 Nc6 14. Nxe6 Bxe3 15. Nxc7 Bxg4 16. N3xd5 Bd4 17. c3 Bb6 18. Nxa8 Rxa8 19. Nxb6 axb6 20. O-O Rd8 21. Rae1 Be6 22. Rd1 Kf8 23. Rxd8+ Nxd8 24. b3 Ke7 25. Kf2 g5 26. Ke3 gxf4+ 27. Kxf4 Bd5 28. g3 b5 29. Ke3 Nc6 30. Kf4 Ke6 31. h4 Ne7 32. h5 h6 33. Rd1 g5+ 34. hxg6 Nxg6+ 35. Ke3 Kxe5 36. Rd2 Ne7 37. g4 Ng8 38. Rh2 Nf6 39. Rh4 Be6 40. g5 hxg5 41. Rh8 Nd5+ 42. Kf3 Nxc3 43. Rh7 g4+ 44. Kg3 Ne4+ 45. Kg2 Bd5 46. Kg1 Kf4 47. Rh8 Ng5 0-1

[Event "Tel Aviv"]
[Site "Tel Aviv"]
[Date "1990.??.??"]
[Round "?"]
[White "Murey, Jacob"]
[Black "Soffer, Ram"]
[Result "0-1"]
[WhiteElo "2530"]
[BlackElo "2440"]
[PlyCount "62"]
[EventDate "1990.02.??"]
[Source "ChessBase"]

1. e4 e6 2. d4 d5 3. Nc3 Bb4 4. e5 c5 5. Qg4 Ne7 6. Nf3 Qc7 7. Bb5+ Bd7 8. O-O Bxc3 9. Bxd7+ Nxd7 10. bxc3 Nf5 11. c4 dxc4 12. d5 Nxe5 13. Nxe5 Qxe5 14. dxe6 O-O 15. Rb1 Qxe6 16. Rxb7 Rfb8 17. Rc7 Rc8 18. Qf3 Nd4 19. Rxc8+ Rxc8 20. Qb7 Re8 21. Be3 a6 22. h3 Nxc2 23. Bxc5 Ne1 24. Be3 Nd3 25. Rb1 c3 26. Rb3 Nc5 27. Bxc5 Qe1+ 28. Kh2 Qe5+ 29. f4 Qxf4+ 30. Kh1 c2 31. Be3 Qxe3 0-1

[Event "corr. CNEC-15"]
[Site "corr. CNEC-15"]
[Date "1992.??.??"]
[Round "?"]
[White "G.C. van Perlo"]
[Black "Stigar, Petter"]
[Result "1/2-1/2"]
[WhiteElo "2450"]
[BlackElo "2520"]
[PlyCount "34"]
[EventDate "1992.??.??"]
[Source "www.chesslib.no"]
[SourceDate "2004.05.04"]

1. Nc3 d5 2. e4 e6 3. d4 Bb4 4. e5 c5 5. Qg4 Ne7 6. dxc5 Nbc6 7. Bd2 O-O 8. Bd3 Bxc5 9. Nf3 Ng6 10. Qh5 Nb4 11. O-O Nxd3 12. cxd3 Bd7 13. d4 Be7 14. Rac1 Rc8 15. Rfe1 f6 16. exf6 Rxf6 17. Bg5 Rxf3 1/2-1/2

[Event "Moscow Tal Memorial"]
[Site "Moscow RUS"]
[Date "1992.??.??"]
[Round "?"]
[White "Murey, Jacob I"]
[Black "Naumkin, Igor"]
[Result "1/2-1/2"]
[WhiteElo "2500"]
[BlackElo "2460"]
[PlyCount "83"]
[EventDate "1992.08.??"]
[Source "www.chesslib.no"]
[SourceDate "2004.05.04"]

1. e4 e6 2. d4 d5 3. Nc3 Bb4 4. e5 c5 5. Qg4 Ne7 6. Nf3 cxd4 7. Nxd4 O-O 8. Bd2 Bc5 9. Nb3 Bb6 10. O-O-O Nbc6 11. f4 f6 12. exf6 Rxf6 13. Qe2 a5 14. Na4 Bc7 15. g3 Nb4 16. a3 Nbc6 17. c4 Qe8 18. Bg2 dxc4 19. Qxc4 b5 20. Qxb5 Ba6 21. Qc5 Rb8 22. Na1 e5 23. Bc3 Rf7 24. Rhe1 Bb5 25. b3 Bxa4 26. bxa4 Bb6 27. Qc4 Kh8 28. Nc2 Nd4 29. Rxe5 Rc8 30. Rxd4 Rxc4 31. Rxc4 h6 32. Rc6 Qd8 33. Rxh6+ Kg8 34. Rhe6 Bc7 35. Re2 Qd7 36. Bh3 Nf5 37. Nd4 Nd6 38. Nb5 Qc6 39. Kc2 Qc4 40. Nxd6 Bxd6 41. R6e4 Qa2+ 42. Kd3 1/2-1/2

[Event "France nat Auxerre-Clichy"]
[Site "Clichy"]
[Date "1994.??.??"]
[Round "?"]
[White "murey"]
[Black "lamoureux"]
[Result "1-0"]
[WhiteElo "2525"]
[BlackElo "2430"]
[PlyCount "65"]
[EventDate "1994.??.??"]
[Source "www.chesslib.no"]
[SourceDate "2004.05.04"]

1. e4 e6 2. d4 d5 3. Nc3 Bb4 4. e5 c5 5. Qg4 Ne7 6. Nf3 Nbc6 7. a3 Qa5 8. Bd2 cxd4 9. Nxd4 Nxd4 10. Qxd4 Nc6 11. Qg4 d4 12. Qxg7 Rf8 13. axb4 Qxa1+ 14. Nd1 Qa4 15. Bd3 Nxb4 16. Bxh7 Bd7 17. b3 Qb5 18. Nb2 O-O-O 19. Nc4 Kb8 20. O-O Qc5 21. Bg5 Bb5 22. Bxd8 Bxc4 23. bxc4 Rxd8 24. Qxf7 Qxe5 25. g3 a5 26. Kg2 Rc8 27. Bd3 Rh8 28. h4 Ka8 29. Rh1 Rh6 30. Bg6 Nc6 31. h5 Qg5 32. Qxe6 Ne7 33. Rb1 1-0

[Event "BUL Ch"]
[Site "Bulgaria"]
[Date "1995.??.??"]
[Round "?"]
[White "Georgiev, Vladimir"]
[Black "Dimitrov, Vladimir"]
[Result "1-0"]
[WhiteElo "2450"]
[BlackElo "2505"]
[PlyCount "80"]
[EventDate "1995.??.??"]
[Source "www.chesslib.no"]
[SourceDate "2004.05.04"]

1. e4 e6 2. d4 d5 3. Nc3 Bb4 4. e5 c5 5. Qg4 Ne7 6. Nf3 cxd4 7. Nxd4 Ng6 8. Bd2 Nxe5 9. Qxg7 Ng6 10. Qh6 Nc6 11. Nf3 Bf8 12. Qh5 Bg7 13. O-O-O a6 14. g3 Bd7 15. Bh3 Qb6 16. Ng5 Rc8 17. Rhe1 Nb4 18. Kb1 d4 19. Qf3 O-O 20. Qh5 h6 21. Nxf7 Rxf7 22. Qxg6 Rf6 23. Qg4 Nxc2 24. Kxc2 Rxf2 25. Re2 Rxe2 26. Qxe2 dxc3 27. Bxc3 Bxc3 28. Kb1 Bxb2 29. Qxb2 Qxb2+ 30. Kxb2 Rc7 31. Rxd7 Rxd7 32. Bxe6+ Rf7 33. Kb3 Kg7 34. Bxf7 Kxf7 35. Kc4 Kf6 36. Kc5 Kf5 37. Kb6 Kg4 38. a4 Kh3 39. a5 Kxh2 40. g4 Kg3 1-0

[Event "Wrexham"]
[Site "Wrexham"]
[Date "1994.??.??"]
[Round "?"]
[White "Arkell, Keith C"]
[Black "Hennigan, Michael"]
[Result "1/2-1/2"]
[WhiteElo "2470"]
[BlackElo "2465"]
[PlyCount "120"]
[EventDate "1994.10.??"]
[Source "ChessBase"]

1. e4 e6 2. d4 d5 3. Nc3 Bb4 4. e5 c5 5. Qg4 Ne7 6. Nf3 Nbc6 7. a3 Bxc3+ 8. bxc3 O-O 9. Bd3 f5 10. exf6 Rxf6 11. Bg5 e5 12. Qg3 Rxf3 13. gxf3 c4 14. Be2 exd4 15. Bf6 Qf8 16. Bxd4 Nf5 17. Qf4 Nfxd4 18. Qxf8+ Kxf8 19. cxd4 Nxd4 20. Bd1 c3 21. O-O Bf5 22. Rb1 Rc8 23. Rb4 Rc4 24. Rxb7 Nxc2 25. Bxc2 Bxc2 26. Rc1 Bg6 27. Rb4 Rc5 28. Kf1 Ke7 29. Ke2 a5 30. Rg4 Kf6 31. Ke3 h5 32. Rd4 Ke5 33. f4+ Kd6 34. f3 Bf5 35. Ke2 Kc6 36. Ke3 Kd6 37. Ke2 Kc6 38. Ke3 g6 39. h4 Kd6 40. Kf2 c2 41. Ke2 Rb5 42. Ra4 Rb1 43. Kd2 Rb3 44. Rxc2 Bxc2 45. Kxc2 Rxf3 46. Rxa5 Rxf4 47. Ra6+ Kc5 48. Ra5+ Kc6 49. Ra6+ Kc5 50. Ra5+ Kc6 51. Ra6+ Kb5 52. Rxg6 Rxh4 53. a4+ Rxa4 54. Rg5 Rh4 55. Rxd5+ Kc4 56. Ra5 Rh2+ 57. Kd1 Kd3 58. Ke1 h4 59. Kf1 h3 60. Ra3+ Ke4 1/2-1/2

[Event "Yerevan"]
[Site "Yerevan"]
[Date "1984.??.??"]
[Round "?"]
[White "Short, Nigel D"]
[Black "Prandstetter, Eduard"]
[Result "1/2-1/2"]
[WhiteElo "2500"]
[BlackElo "2435"]
[PlyCount "130"]
[EventDate "1984.10.??"]
[Source "ChessBase"]

1. e4 e6 2. d4 d5 3. Nc3 Bb4 4. e5 c5 5. Qg4 Ne7 6. Nf3 Nbc6 7. a3 Bxc3+ 8. bxc3 Nf5 9. Bd3 h5 10. Qf4 Qb6 11. dxc5 Qxc5 12. O-O Nce7 13. Rb1 Qc7 14. Nd4 Kf8 15. Nb5 Qd7 16. Re1 Kg8 17. a4 b6 18. Ba3 Bb7 19. Bxe7 Nxe7 20. a5 Nc8 21. Re3 h4 22. Nd4 bxa5 23. Rh3 Qe7 24. Nf3 Nb6 25. Rxh4 Rxh4 26. Nxh4 Rc8 27. Nf3 Kf8 28. Nd4 a4 29. Nb5 Bc6 30. Nd6 Rd8 31. Qf3 f5 32. Qh3 Kg8 33. Rb4 g5 34. Qh6 Bd7 35. g4 Qg7 36. Qxg7+ Kxg7 37. gxf5 exf5 38. Bxf5 Bxf5 39. Nxf5+ Kf7 40. Rb5 Nc4 41. Rb7+ Kg6 42. Ne7+ Kh5 43. Rxa7 Nxe5 44. Rxa4 Nf3+ 45. Kg2 Nh4+ 46. Kf1 Rd7 47. Ng8 Rd6 48. Rd4 Nf3 49. Rxd5 Re6 50. Kg2 Kg4 51. h3+ Kf4 52. Rd8 Ne1+ 53. Kf1 Nxc2 54. Rf8+ Ke5 55. Rf7 Na3 56. Ke2 Nb1 57. Kd3 Rd6+ 58. Kc2 Nd2 59. Nf6 Ke6 60. Rd7 Rxd7 61. Nxd7 Ne4 62. f3 Nxc3 63. Nc5+ Kd5 64. Nd3 Ne2 65. Kd2 Ng1 1/2-1/2